[Event "ROM-ch U08"]
[Site "Calimanesti Caciulata"]
[Date "2016.04.20"]
[Round "3"]
[White "Antal, Magor Laszlo"]
[Black "Scanteie, Ioachim"]
[Result "1/2-1/2"]
[WhiteElo "1001"]
[BlackElo "1001"]
[PlyCount "68"]
[EventDate "2016.04.18"]
[EventType "swiss"]
[EventRounds "9"]
[EventCountry "ROU"]
[SourceTitle "CBM 172 Extra"]
[Source "ChessBase"]
[SourceDate "2016.06.21"]
[SourceVersion "1"]
[SourceVersionDate "2016.06.21"]
[SourceQuality "1"]

1. c4 e6 2. Nc3 Nc6 3. g3 Nf6 4. Bg2 Bb4 5. Qc2 Bxc3 6. Qxc3 0-0 7. e3 d5 8. d3 dxc4 9. dxc4 e5 10. Ne2 Bg4 11. b3 Bxe2 12. Kxe2 a6 13. Ba3 Re8 14. Bf3 h6 15. Kf1 Qd7 16. Bd1 Re6 17. Bc2 Rd6 18. Bxd6 Qxd6 19. Bd1 Qxd1+ 20. Kg2 Qd6 21. Qc2 Nd4 22. exd4 Qxd4 23. f4 Qxa1 24. Qd3 Qd4 25. Qxd4 exd4 26. Rd1 c5 27. Rd2 Kf8 28. Rc2 b5 29. cxb5 axb5 30. Kf2 Rb8 31. Ke2 Ke7 32. Kd3 c4+ 33. bxc4 bxc4+ 34. Kxc4 d3 1/2-1/2